000 00924nam a22003017a 4500
003 CHAP
005 20220329143521.0
008 100324s1976 mx r 00010 spa d
010 _a97873
011 _a98845
020 _a8432227323
035 _a109530
040 _cCHAP
082 1 4 _a153.9
_bM18
100 1 _aMachado, Luis Alberto
_969390
245 1 3 _aLa revolución de la inteligencia
_c/por Luis Alberto Machado
260 _aMéxico, D.F. :
_bSeix Barral,
_c1976
300 _a156 p.
590 _aBATCH-UPD
_b10
_c20130110
_lUCH01
_h1131
590 _aBATCH-UPD
_b10
_c20130410
_lUCH01
_h0720
590 _aBATCH-UPD
_b10
_c20130914
_lUCH01
_h1650
590 _aCONVERSION
_b10
_c20130109
_lUCH01
_h1354
650 1 4 _aInteligencia emocional.
_959508
650 1 4 _aTest psicológicos.
_9112474
901 _aBK
942 _cLIBRO
949 _a153.9 M18
_bBC
_cLIBRO
_d33724002122587
_eLIBRO
_gI.c/e
_h112126
_i109530
_sb
999 _c97873
_d97873